00582nam a22002057a 4500003000500000005001700005008004100022010001000063011001000073035001000083040000900093100002900102245003900131260007700170300001900247500001900266650001500285650001500300710006100315CHAP20220817042125.0971013s1972 r 00010 d a35402 a36374 a40493 cCHAP00aPacheco Sotelo, Pascual. aCultivo de frambuesas y zarzamoras aChapingo, Méx. :bDirección General de Extensión Agrícola,c1972 a38 p.b: ilus. a1 c. en bodega14aFrambuesa.14aZarzamora.0 aMéxico. Dirección General de Extensión Agrícola.